Družstevné podiely a podielnické listy

Transformácia bývalých jednotných roľníckych družtiev. Obchodný zákonník z roku 1991 upravuje organizačno-právne usporiadanie družstiev a ich ekonomický režim. Usporiadanie majetkových pomerov na základe podielnictva. Transformácia družstva. Nároky oprávnených osôb. Urbárnici a družstevné podiely. D...

Descrizione completa

Salvato in:
Dettagli Bibliografici
Autore principale: Štefanovič, Milan
Natura: Capitolo di libro
Lingua:slovacco
Soggetti:
Tags: Aggiungi Tag
Nessun Tag, puoi essere il primo ad aggiungerne!!

MARC

LEADER 00000naa$a2200000$$$4500
001 0015842
005 20231004123723.0
041 0 |a slo 
044 |a SK 
245 1 0 |a Družstevné podiely a podielnické listy  |c aut. Milan Štefanovič 
520 |a Transformácia bývalých jednotných roľníckych družtiev. Obchodný zákonník z roku 1991 upravuje organizačno-právne usporiadanie družstiev a ich ekonomický režim. Usporiadanie majetkových pomerov na základe podielnictva. Transformácia družstva. Nároky oprávnených osôb. Urbárnici a družstevné podiely. Dispozičné práva majiteľa podielnického listu. Situácia v Českej republike. 
610 2 0 |a poľnohospodárstvo 
610 2 0 |a družstvá poľnohospodárske 
610 2 0 |a pôda poľnohospodárska 
610 2 0 |a reštitúcia 
610 2 0 |a vlastníctvo súkromné 
610 2 0 |a listy podielové 
610 2 0 |a transformácia 
610 2 0 |a Slovensko 
610 2 0 |a Česko 
100 1 |a Štefanovič, Milan